000 00328nam a22001337a 4500
008 170929b xxu||||| |||| 00| 0 eng d
020 _a9780495007234
041 _aeng
080 _a37
100 _a47
101 _aEDU
245 _aCURRENT PERSPECTIVES READINGS FROM INFOTRAC COLLEGE EDITION
_cGUPTA, D.K
942 _2udc
_cBK
999 _c30797
_d30797